000 01528cam a2200385 a 4500
001 12204449
003 PILC
005 20160115103357.0
008 001018s2001 nyua c b 000 1 eng
010 _a 00051617
020 _a0439164834
040 _aDLC
_cDLC
_dDLC
042 _alcac
043 _aa-cc---
050 0 0 _aPZ 7
_b.Y47Lad 2001
082 _aFIC
_bY3l 2001
100 1 _aYep, Laurence,
_d1948-
_919582
245 1 0 _aLady of chʻiao kuo :
_bwarrior of the south
_cLaurence Yep
260 _aNew York :
_bScholastic,
_c2001.
300 _a300 p. ;
_bill. ;
_c19 cm.
440 4 _aThe royal diaries
_917275
504 _aIncludes bibliographical references.
520 _aIn 531 A.D., a fifteen-year-old princess of the Hsien tribe in southern China keeps a diary which describes her role as liaison between her own people and the local Chinese colonists, in times of both peace and war.
650 1 _aPrincesses
_vFiction.
_919583
650 1 _aMinorities
_vFiction.
_919584
650 1 _aIdentity
_vFiction.
_919585
650 1 _aWar
_vFiction.
_919586
650 1 _aDiaries
_vFiction.
_919587
651 0 _aChina
_xHistory
_yLiang dynasty, 502-557
_vJuvenile fiction.
_919588
651 1 _aChina
_xHistory
_yLiang dynasty, 502-557
_vFiction.
_919589
906 _a7
_brip
_corignew
_d1
_eocip
_f20
_gy-gencatlg
942 _2lcc
_cBK
999 _c11264
_d11264